Statistics for Famous Musicals

Click here to take the quiz!

General Stats

  • This quiz has been taken 206 times
  • The average score is 9 of 14

Answer Stats

Actor (s)Answer% Correct
John Travolta, Oliva Newton-JohnGrease
90%
Julie Andrews, Dick Van DykeMary Poppins
86%
Julie Andrews, Christopher PlummerThe Sound of Music
83%
Judy GarlandThe Wizard of Oz
78%
Hugh Jackman, Anne Hathaway, Russell CroweLes Miserabes
76%
Vanessa Hudgens, Lucas Grabeel, Corbin BleuHigh School Musical
72%
Rebecca Furguson, Kealla Settle, Michelle WilliamsThe Greatest Showman
71%
Emma Watson, Ewan McGregor, Ian McKellenBeauty and the Beast
70%
Gene KellySing'in in the Rain
68%
Kevin BaconFootloose
56%
Will Smith, Nicole ScottAladdin
47%
Zac Efron, Chrstopher WalkenHairspray
45%
Dove Cameron, Booboo Stewart, Cameron BoyceDescendants
40%
Ross LynchTeen Beach Movie
36%

Score Distribution

Percentile by Number Answered

Percent of People with Each Score

Your Score History

You have not taken this quiz